LEADER 00997nam a2200217 i 4500 001 000000052760 003 CaOOAMICUS 005 20130220000000.0 008 130220s1851 it u000 u ita u 013 $a23932 040 $aSeMil$bita 100 1 $aAudisio, Guglielmo <1802-1882>.$0(OLS)http://semarc/name/4298 245 10$aEducazione morale e fisica del clero :$bconforme ai bisogni religiosi e civili /$cper Guglielmo Audisio. 260 $aNapoli :$bStamperia del Fibreno,$c1851. 300 $a367 p. ;$c19 cm. 650 4$aChiesa cattolica - Clero.$0(OLS)http://semarc/subject/5374 650 4$aChiesa cattolica - Clero - Formazione.$0(OLS)http://semarc/subject/1849 850 $aSeMil 852 $aSeMil$W1$xVenegono$y1$m2H II 98 FA$j18914$B18914$CSeMilBibl$Z2$F18916 $8I 996 $6245$aEducazione morale e fisica del clero :$bconforme ai bisogni religiosi e civili$9(OLS)http://semarc/title/81081 996 $6260$aNapoli :$bStamperia del Fibreno$9(OLS)http://semarc/publisher/37637 LEADER 00573naa a2200145 i 4500 001 000000302312 003 CaOOAMICUS 005 20180831172739.0 008 180831n xx u000 u und u 013 $a10047 040 $aSeMil$bita 100 1 $aFerrario, Fulvio,$d<1958- >.$0(OLS)http://semarc/name/7077 245 13$aLa spiritualitą protestante. 773 0 $aBrovetto, Costante $tSpiritualitą cristiana nell'etą moderna.$dRoma : Borla, copyr. 1987.$kStoria della spiritualitą$z88-263-0573-0$w()36118 996 $6245$aLa spiritualitą protestante$9(OLS)http://semarc/title/378295